01277nam a2200313Ia 4500001001200000003000800012006001900020007001500039008004100054010001700095020001800112020001800130040002100148035002100169043001200190050002500202100003400227245011600261260006600377300002600443504005100469533015200520600005700672651004500729655002900774710001700803856012600820999001700946ebr10622448CaPaEBRm u cr cn|||||||||000426s2000 scuab sb s001 0 eng d z 00030289  z9781611171259 z9781570033582 aCaPaEBRcCaPaEBR a(OCoLC)823170200 an-us-sc14aE477.75b.L82 2000eb1 aLucas, Marion Brunson,d1935-10aSherman and the burning of Columbiah[electronic resource] /cMarion Brunson Lucas ; foreword by Bell I. Wiley. aColumbia, S.C. :bUniversity of South Carolina Press,cc2000. a188 p. :bill., maps. aIncludes bibliographical references and index. aElectronic reproduction.bPalo Alto, Calif. :cebrary,d2011.nAvailable via World Wide Web.nAccess may be limited to ebrary affiliated libraries.10aSherman, William T.q(William Tecumseh),d1820-1891. 0aColumbia (S.C.)xHistoryyBurning, 1865. 7aElectronic books.2local2 aebrary, Inc.40uhttp://site.ebrary.com/lib/rucke/Doc?id=10622448zAn electronic book accessible through the World Wide Web; click to view c56231d56231